[Event "Menorca op-B 4th"]
[Site "Ciutadella"]
[Date "2025.04.18"]
[Round "5"]
[White "Dumont, Andre"]
[Black "Viudes Serra, Aaron"]
[Result "1-0"]
[WhiteElo "1865"]
[BlackElo "1829"]
[PlyCount "89"]
[EventDate "2025.04.16"]
[EventType "swiss"]
[EventRounds "9"]
[EventCountry "ESP"]
[SourceTitle "CB18_2025"]
[SourceDate "2025.04.30"]
[SourceVersion "1"]
[SourceVersionDate "2025.04.30"]
[SourceQuality "1"]

1. e4 Nf6 2. Nc3 d5 3. e5 Nfd7 4. e6 fxe6 5. d4 Nf6 6. Nf3 c5 7. dxc5 Nc6 8. Bb5 Qc7 9. Qd4 Nd7 10. Bxc6 Qxc6 11. Be3 Rg8 12. b4 b6 13. Qh4 bxc5 14. Qxh7 cxb4 15. 0-0 Nf6 16. Qg6+ Kd8 17. Ne2 Qe8 18. Qd3 Ne4 19. Rfd1 Bd7 20. Qa6 Qh5 21. Nf4 Qf5 22. Nd4 Qe5 23. Ndxe6+ Ke8 24. Nc7+ Qxc7 25. Qg6+ Kd8 26. Rxd5 Qc3 27. Rad1 Nd6 28. Qh7 Bc6 29. Rxd6+ exd6 30. Qxg8 Qf6 31. Qc4 Rc8 32. Qxb4 g5 33. Nh3 Kc7 34. Bxg5 Qg6 35. Qa5+ Kd7 36. Qxa7+ Rc7 37. Qa5 Qxc2 38. Rc1 Qe4 39. f3 Qd4+ 40. Kh1 d5 41. Qe1 Bb4 42. Qe2 Rb7 43. Nf4 Kc8 44. Qe8+ Kc7 45. Rxc6# 1-0

[Event "Valencia-chT Division Honor"]
[Site "Valencia"]
[Date "2021.07.03"]
[Round "1.7"]
[White "Viudes Serra, Aaron"]
[Black "Cruz Estrada, Filemon"]
[Result "0-1"]
[WhiteElo "1817"]
[BlackElo "2311"]
[PlyCount "50"]
[EventDate "2021.07.03"]
[EventType "team-tourn"]
[EventRounds "3"]
[EventCountry "ESP"]
[SourceTitle "CBM 203 Extra"]
[Source "ChessBase"]
[SourceDate "2021.09.30"]
[SourceVersion "1"]
[SourceVersionDate "2021.09.30"]
[SourceQuality "1"]
[WhiteTeam "Alfas del Pi"]
[BlackTeam "Silla Bosch Serinsys"]
[WhiteTeamCountry "ESP"]
[BlackTeamCountry "ESP"]

1. c4 c5 2. Nc3 e6 3. g3 d5 4. cxd5 exd5 5. d4 cxd4 6. Qxd4 Nf6 7. Bg5 Be7 8. Bg2 Nc6 9. Qd2 d4 10. Nb5 Qb6 11. Bxf6 gxf6 12. Qd3 a6 13. Bxc6+ Qxc6 14. Nxd4 Qxh1 15. Ndf3 Bb4+ 16. Kd1 Be6 17. Qe4 Rd8+ 18. Kc2 Rc8+ 19. Kb1 Rc4 20. Qd3 Ke7 21. b3 Rc6 22. a3 Bc3 23. Ra2 Rd8 24. Qxh7 Be5 25. Rc2 Rd1+ 0-1

[Event "London Classic op 10th"]
[Site "London"]
[Date "2018.12.14"]
[Round "6"]
[White "Viudes Serra, Aaron"]
[Black "Jyothilal, Narayanan"]
[Result "1/2-1/2"]
[WhiteElo "1850"]
[BlackElo "2078"]
[PlyCount "102"]
[EventDate "2018.12.09"]
[EventType "swiss"]
[EventRounds "9"]
[EventCountry "ENG"]
[SourceTitle "CBM 187 Extra"]
[Source "ChessBase"]
[SourceDate "2018.11.04"]
[SourceVersion "1"]
[SourceVersionDate "2018.11.04"]
[SourceQuality "1"]

1. c4 Nf6 2. Nc3 d5 3. cxd5 Nxd5 4. g3 g6 5. Qb3 c6 6. Bg2 Nf6 7. d4 Bg7 8. e4 0-0 9. Nge2 Na6 10. e5 Ng4 11. h3 Nh6 12. Bf4 Qb6 13. Qxb6 axb6 14. Na4 Nb4 15. Nxb6 Rxa2 16. Rxa2 Nxa2 17. Nxc8 Rxc8 18. Bd2 e6 19. 0-0 Bf8 20. Ra1 Nb4 21. Ra7 Rb8 22. Ra4 Nd5 23. Be4 Nf5 24. g4 Nfe7 25. f4 Nb6 26. Rb4 Ned5 27. Rb3 Nc4 28. Bc1 b5 29. f5 Be7 30. fxe6 fxe6 31. Nf4 Bg5 32. Nxd5 cxd5 33. Bxd5 exd5 34. Bxg5 Kf7 35. Kf2 b4 36. Ke2 Ke8 37. Bd2 Nxd2 38. Kxd2 Ke7 39. Rf3 Rc8 40. h4 Rc4 41. Rd3 h5 42. Ke3 Rc1 43. Kf4 hxg4 44. Kxg4 Re1 45. Kg5 Rg1+ 46. Kf4 Rh1 47. Kg3 Rg1+ 48. Kh2 Rg4 49. Kh3 Re4 50. Kg3 Ke6 51. Kh3 Ke7 1/2-1/2

[Event "London Classic op 10th"]
[Site "London"]
[Date "2018.12.13"]
[Round "5"]
[White "Lie, Terje"]
[Black "Viudes Serra, Aaron"]
[Result "0-1"]
[WhiteElo "1532"]
[BlackElo "1850"]
[PlyCount "70"]
[EventDate "2018.12.09"]
[EventType "swiss"]
[EventRounds "9"]
[EventCountry "ENG"]
[SourceTitle "CBM 187 Extra"]
[Source "ChessBase"]
[SourceDate "2018.11.04"]
[SourceVersion "1"]
[SourceVersionDate "2018.11.04"]
[SourceQuality "1"]

1. d4 d5 2. c4 c6 3. Nc3 Nf6 4. Nf3 e6 5. Bg5 Be7 6. e3 0-0 7. Qc2 Re8 8. Bd3 Nbd7 9. 0-0 Nf8 10. Ne5 Ng6 11. Nxg6 hxg6 12. cxd5 exd5 13. a3 Qd6 14. Bf4 Qe6 15. Rfe1 Nh5 16. Qd2 Nxf4 17. exf4 Qf6 18. Bf1 Bf5 19. Re5 Bd6 20. Rxe8+ Rxe8 21. g3 Bc7 22. Na4 Re4 23. Rd1 Bg4 24. Bg2 Bxd1 25. Bxe4 Bxa4 26. Bg2 Bb6 27. Qb4 Qxd4 28. Qxd4 Bxd4 29. b4 Bb2 30. Bh3 Bxa3 31. f5 g5 32. g4 Bxb4 33. Bg2 a5 34. Bf3 Bb5 35. Bd1 a4 0-1

[Event "London Classic op 10th"]
[Site "London"]
[Date "2018.12.11"]
[Round "3"]
[White "Buselli, Daniel"]
[Black "Viudes Serra, Aaron"]
[Result "0-1"]
[WhiteElo "1552"]
[BlackElo "1850"]
[PlyCount "60"]
[EventDate "2018.12.09"]
[EventType "swiss"]
[EventRounds "9"]
[EventCountry "ENG"]
[SourceTitle "CBM 187 Extra"]
[Source "ChessBase"]
[SourceDate "2018.11.04"]
[SourceVersion "1"]
[SourceVersionDate "2018.11.04"]
[SourceQuality "1"]

1. e4 Nf6 2. e5 Nd5 3. d4 d6 4. Nf3 Nc6 5. Be2 g6 6. c4 Nb6 7. exd6 cxd6 8. 0-0 Bg7 9. h3 0-0 10. Nc3 Re8 11. Bg5 Nd7 12. Qd2 Nf8 13. Bh6 Bh8 14. Rfe1 Qd7 15. c5 d5 16. Nh2 Nxd4 17. Bg4 f5 18. Bd1 e6 19. Be3 Nc6 20. Nb5 d4 21. Bg5 e5 22. Nd6 Ne6 23. Bb3 Rf8 24. Bh6 Bg7 25. Bxg7 Kxg7 26. Nf3 Nxc5 27. Nxc8 e4 28. Qd1 exf3 29. Re7+ Nxe7 30. Nxe7 Nxb3 0-1

[Event "London Classic op 10th"]
[Site "London"]
[Date "2018.12.10"]
[Round "2"]
[White "Viudes Serra, Aaron"]
[Black "Seymour, Timothy P"]
[Result "0-1"]
[WhiteElo "1850"]
[BlackElo "2080"]
[PlyCount "50"]
[EventDate "2018.12.09"]
[EventType "swiss"]
[EventRounds "9"]
[EventCountry "ENG"]
[SourceTitle "CBM 187 Extra"]
[Source "ChessBase"]
[SourceDate "2018.11.04"]
[SourceVersion "1"]
[SourceVersionDate "2018.11.04"]
[SourceQuality "1"]

1. e4 e5 2. Nf3 Nc6 3. c3 d5 4. Bb5 dxe4 5. Nxe5 Qg5 6. Qa4 Qxg2 7. Bxc6+ bxc6 8. Qxc6+ Kd8 9. Rf1 Bh3 10. Qxa8+ Ke7 11. Kd1 Qxf1+ 12. Kc2 f6 13. Nc6+ Kf7 14. Nd8+ Kg6 15. b3 Qd3+ 16. Kb2 Nh6 17. Qb8 Bd6 18. Qxa7 Rxd8 19. Na3 e3 20. fxe3 Bf5 21. b4 Ng4 22. Qa4 Rb8 23. Nc2 c5 24. a3 Ra8 25. Qb3 c4 0-1

[Event "London Classic op 6th"]
[Site "London"]
[Date "2014.12.14"]
[Round "9"]
[White "Viudes Serra, Aaron"]
[Black "Ditmas, Hugh"]
[Result "1-0"]
[WhiteElo "1818"]
[BlackElo "1993"]
[PlyCount "127"]
[EventDate "2014.12.08"]
[EventType "swiss"]
[EventRounds "9"]
[EventCountry "ENG"]
[SourceTitle "CBM 163 Extra"]
[Source "ChessBase"]
[SourceDate "2014.12.23"]
[SourceVersion "1"]
[SourceVersionDate "2014.12.23"]
[SourceQuality "1"]

1. e4 c5 2. f4 Nc6 3. Nf3 g6 4. Bc4 Bg7 5. c3 e6 6. Qe2 Nge7 7. Bb3 0-0 8. d3 d5 9. e5 Bd7 10. Be3 b6 11. d4 cxd4 12. Nxd4 Nxd4 13. Bxd4 Qc7 14. 0-0 Nc6 15. Be3 Na5 16. Bd1 f6 17. exf6 Bxf6 18. Nd2 Rac8 19. Nf3 Nc4 20. Bd4 Bxd4+ 21. Nxd4 e5 22. fxe5 Rxf1+ 23. Kxf1 Nxe5 24. Bb3 Nc4 25. Kg1 Re8 26. Qf2 Rf8 27. Qe2 Re8 28. Qf3 Qe5 29. Rf1 Qe3+ 30. Qxe3 Rxe3 31. Kf2 Re7 32. Bxc4 dxc4 33. Re1 Rf7+ 34. Kg3 Kf8 35. Nf3 Bf5 36. Nd4 Bd7 37. Re4 g5 38. Nf3 Bc6 39. Rxc4 Bxf3 40. gxf3 Kg7 41. f4 gxf4+ 42. Rxf4 Rd7 43. h4 Kg6 44. a4 Rd3+ 45. Rf3 Rd2 46. b3 Rb2 47. c4 Rb1 48. c5 bxc5 49. Rc3 Kf6 50. Kg4 Rb2 51. Kh5 Kg7 52. Rxc5 Rxb3 53. a5 Ra3 54. Rc7+ Kg8 55. Rxa7 Ra4 56. Kg5 Ra1 57. Kh6 Rh1 58. h5 Rh2 59. a6 Ra2 60. Rg7+ Kf8 61. a7 Ra5 62. Rb7 Ra6+ 63. Kxh7 Ra5 64. h6 1-0

[Event "London Classic op 6th"]
[Site "London"]
[Date "2014.12.13"]
[Round "7"]
[White "Sajjadi, Kimiya"]
[Black "Viudes Serra, Aaron"]
[Result "0-1"]
[WhiteElo "1611"]
[BlackElo "1818"]
[PlyCount "56"]
[EventDate "2014.12.08"]
[EventType "swiss"]
[EventRounds "9"]
[EventCountry "ENG"]
[SourceTitle "CBM 163 Extra"]
[Source "ChessBase"]
[SourceDate "2014.12.23"]
[SourceVersion "1"]
[SourceVersionDate "2014.12.23"]
[SourceQuality "1"]

1. d4 Nf6 2. c4 e5 3. dxe5 Ng4 4. Nf3 Bc5 5. e3 Nc6 6. Be2 Ngxe5 7. Nxe5 Nxe5 8. Nc3 0-0 9. 0-0 Re8 10. b3 Bf8 11. f4 Nc6 12. Rf3 d6 13. Rg3 Ne7 14. Bd3 Nf5 15. Rf3 Bd7 16. Qc2 g6 17. Bxf5 Bxf5 18. e4 Bd7 19. Nd5 c6 20. Ne3 Bg7 21. Rb1 Qe7 22. Ba3 Qxe4 23. Rd1 Qxc2 24. Nxc2 Bg4 25. Rfd3 Bxd1 26. Rxd1 Re2 27. Nd4 Rxa2 28. Bxd6 Ra1 0-1

[Event "Llinars del Valles op-B 6th"]
[Site "Llinars del Valles"]
[Date "2012.05.26"]
[Round "7"]
[White "Cruz, Jefferson"]
[Black "Viudes Serra, Aaron"]
[Result "1-0"]
[WhiteElo "1770"]
[BlackElo "1802"]
[PlyCount "71"]
[EventDate "2012.04.14"]
[EventType "swiss"]
[EventRounds "9"]
[EventCountry "ESP"]
[SourceTitle "EXT 2013"]
[Source "ChessBase"]
[SourceDate "2012.11.22"]
[SourceVersion "1"]
[SourceVersionDate "2012.11.22"]
[SourceQuality "1"]

1. e4 d6 2. d4 Nf6 3. f3 g6 4. c4 Bg7 5. Nc3 0-0 6. Be3 Nbd7 7. Qd2 c5 8. Nge2 cxd4 9. Nxd4 Ne5 10. g4 Be6 11. b3 Nxf3+ 12. Nxf3 Nxe4 13. Nxe4 Bxa1 14. h3 f5 15. Neg5 Qd7 16. Bd4 fxg4 17. Bxa1 gxf3 18. Qd4 f2+ 19. Kd2 Rf6 20. Ne4 d5 21. Nxf6+ exf6 22. cxd5 Rd8 23. dxe6 Qe7 24. Kc2 Rxd4 25. Bxd4 Qa3 26. Kb1 Kg7 27. Bxf2 Qb4 28. Bc4 b5 29. Re1 Qe7 30. Bxb5 a5 31. Bc5 Qxc5 32. e7 Qf5+ 33. Ka1 Qxb5 34. e8Q Qd3 35. Qe7+ Kg8 36. Qxf6 1-0

[Event "Llinars del Valles op-B 6th"]
[Site "Llinars del Valles"]
[Date "2012.05.05"]
[Round "4"]
[White "Viudes Serra, Aaron"]
[Black "Mateo Hernandez, Francesco"]
[Result "1-0"]
[WhiteElo "1802"]
[BlackElo "1600"]
[PlyCount "67"]
[EventDate "2012.04.14"]
[EventType "swiss"]
[EventRounds "9"]
[EventCountry "ESP"]
[SourceTitle "EXT 2013"]
[Source "ChessBase"]
[SourceDate "2012.11.22"]
[SourceVersion "1"]
[SourceVersionDate "2012.11.22"]
[SourceQuality "1"]

1. c4 c5 2. Nc3 e5 3. g3 Nf6 4. Bg2 Be7 5. d3 0-0 6. e4 Nc6 7. Nge2 d6 8. 0-0 Bg4 9. h3 Be6 10. Nd5 Qd7 11. Nxe7+ Nxe7 12. Kh2 h6 13. f4 exf4 14. Nxf4 Nc6 15. Nd5 Nh7 16. Bf4 f6 17. g4 g5 18. Bg3 Ne5 19. Qd2 Rf7 20. Rf2 Bxg4 21. Bxe5 dxe5 22. hxg4 Qxg4 23. Bh3 Qh4 24. Rg1 h5 25. Rg3 g4 26. Qh6 Raf8 27. Rxg4+ Qxg4 28. Bxg4 hxg4 29. Kg3 f5 30. exf5 Rc8 31. Qg6+ Kf8 32. Qd6+ Kg7 33. Qxe5+ Nf6 34. Nxf6 1-0